Storia mondiale con la lettera A - Statistics

Statistiche generali
  • Questo quiz è stato fatto 592 volte
    547 dall'ultimo reset
  • Il punteggio medio è 12 su 17
Statistiche sulle risposte
DOMANDA RISPOSTA % Corretto
Primo uomo sulla luna Armstrong
97%
Impero contro cui combatté l'Italia durante la WW1 Austro-Ungarico/Austria
94%
Primo imperatore romano Augusto
91%
Il più grande condottiero macedone Alessandro Magno
88%
Filosofo greco allievo di Platone Aristotele
88%
Dea greca della sapienza Atena
86%
Comandante unno Attila
84%
Famoso generale cartaginese Annibale
79%
Uno dei popoli precolombiani Aztechi/Azteco
79%
Leggendario continente sommerso dalla florida prosperità Atlantide
75%
La parte più alta delle polis greche Acropoli
72%
Una delle alleanze della WW2 Asse
65%
Questa rivoluzione iniziò nel 1765 e finì nel 1783 Americana
62%
Nome con cui era conosciuta l'Etiopia Abissinia
50%
Battaglia navale tra Augusto e Marco Antonio sancendo la fine di quest'ultimo Azio
33%
Vi si trova il Taj Mahal Agra
23%
Famoso tempio cambogiano Angkor
19%
Nessun quiz corrispondente trovato
Distribuzione punteggi
Percentuale di utenti per punteggio
Percentile per numero di risposta
I tuoi punteggi nel tempo
Non hai fatto questo quiz dall'ultimo reset